Introduction to Indian Knowledge System (Record no. 356204)

MARC details
000 -LEADER
fixed length control field 00433 a2200157 4500
005 - DATE AND TIME OF LATEST TRANSACTION
control field 20240812151235.0
008 - FIXED-LENGTH DATA ELEMENTS--GENERAL INFORMATION
fixed length control field 230926b |||||||| |||| 00| 0 eng d
020 ## - INTERNATIONAL STANDARD BOOK NUMBER
International Standard Book Number 9789391818203
041 ## - LANGUAGE CODE
Language code of text/sound track or separate title eng
100 ## - MAIN ENTRY--PERSONAL NAME
Author Mahadevan B.
245 ## - TITLE STATEMENT
Title Introduction to Indian Knowledge System
Remainder of title Concepts And Applications
260 ## - PUBLICATION, DISTRIBUTION, ETC.
Name of publisher, distributor, etc. PHI Learning Private Limited
Date of publication, distribution, etc. 2023
300 ## - PHYSICAL DESCRIPTION
Extent 417
700 ## - ADDED ENTRY--PERSONAL NAME
Personal name Bhat V.R.
942 ## - ADDED ENTRY ELEMENTS (KOHA)
Koha item type Books
Holdings
Withdrawn status Lost status Source of classification or shelving scheme Damaged status Not for loan Home library Current library Date acquired Vendor Net Price Full call number Barcode Date last seen Actual Price Bill Date Koha item type Total Checkouts Date last checked out
    Dewey Decimal Classification     Cummins College of Engineering for Women Pune Cummins College of Engineering for Women Pune 27/09/2023 144 596.25 181.4 MAH CCEP-BK-65387 15/09/2023 795.00 15/09/2023 Books    
    Dewey Decimal Classification     Cummins College of Engineering for Women Pune Cummins College of Engineering for Women Pune 27/09/2023 144 596.25 181.4 MAH CCEP-BK-65391 15/09/2023 795.00 15/09/2023 Books    
    Dewey Decimal Classification     Cummins College of Engineering for Women Pune Cummins College of Engineering for Women Pune 27/09/2023 144 596.25 181.4 MAH CCEP-BK-65393 15/09/2023 795.00 15/09/2023 Books    
    Dewey Decimal Classification     Cummins College of Engineering for Women Pune Cummins College of Engineering for Women Pune 27/09/2023 144 596.25 181.4 MAH CCEP-BK-65389 25/11/2025 795.00 15/09/2023 Books 1 11/11/2025
    Dewey Decimal Classification     Cummins College of Engineering for Women Pune Cummins College of Engineering for Women Pune 27/09/2023 144 596.25 181.4 MAH CCEP-BK-65386 20/11/2025 795.00 15/09/2023 Books 3 08/07/2025
    Dewey Decimal Classification     Cummins College of Engineering for Women Pune Cummins College of Engineering for Women Pune 27/09/2023 144 596.25 181.4 MAH CCEP-BK-65392 15/09/2023 795.00 15/09/2023 Books    
    Dewey Decimal Classification     Cummins College of Engineering for Women Pune Cummins College of Engineering for Women Pune 27/09/2023 144 596.25 181.4 MAH CCEP-BK-65390 15/09/2023 795.00 15/09/2023 Books    
    Dewey Decimal Classification     Cummins College of Engineering for Women Pune Cummins College of Engineering for Women Pune 27/09/2023 144 596.25 181.4 MAH CCEP-BK-65388 15/09/2023 795.00 15/09/2023 Books